Official Cities of New England - Statistics

General Stats
  • This quiz has been taken 11 times
  • The average score is 52 of 132
Answer Stats
Hint Answer % Correct
Massachusetts 675,647 Boston
100%
Rhode Island 190,934 Providence
100%
Massachusetts 155,929 Springfield
100%
Connecticut 121,054 Hartford
90%
Maine 68,408 Portland
90%
Maine 18,899 Augusta
80%
New Hampshire 43,976 Concord
80%
Vermont 8,074 Montpelier
80%
Connecticut 134,023 New Haven
80%
Connecticut 27,367 New London
80%
Rhode Island 25,163 Newport
80%
Vermont 4,455 Newport
80%
Massachusetts 206,518 Worcester
80%
Connecticut 148,654 Bridgeport
70%
Connecticut 60,833 Bristol
70%
Vermont 44,743 Burlington
70%
New Hampshire 115,644 Manchester
70%
Massachusetts 101,636 Quincy
70%
Massachusetts 46,461 Attleboro
60%
Massachusetts 118,403 Cambridge
60%
Rhode Island 82,934 Cranston
60%
Connecticut 86,518 Danbury
60%
New Hampshire 32,741 Dover
60%
Rhode Island 47,139 East Providence
60%
Maine 37,121 Lewiston
60%
Massachusetts 115,554 Lowell
60%
Massachusetts 101,253 Lynn
60%
New Hampshire 91,322 Nashua
60%
Massachusetts 101,079 New Bedford
60%
Connecticut 74,135 New Britain
60%
Massachusetts 88,923 Newton
60%
Connecticut 91,184 Norwalk
60%
Rhode Island 75,604 Pawtucket
60%
New Hampshire 21,956 Portsmouth
60%
Vermont 15,807 Rutland
60%
Massachusetts 44,480 Salem
60%
Massachusetts 81,045 Somerville
60%
Connecticut 135,470 Stamford
60%
Rhode Island 82,823 Warwick
60%
Connecticut 114,403 Waterbury
60%
Maine 24,061 Auburn
50%
Maine 31,753 Bangor
50%
New Hampshire 9,425 Berlin
50%
Massachusetts 39,143 Braintree
50%
Massachusetts 105,643 Brockton
50%
Massachusetts 29,729 Gloucester
50%
Massachusetts 48,916 Barnstable
40%
Massachusetts 28,633 Bridgewater
40%
Rhode Island 22,583 Central Falls
40%
Massachusetts 55,560 Chicopee
40%
Massachusetts 41,946 Fitchburg
40%
Massachusetts 33,261 Franklin
40%
New Hampshire 8,741 Franklin
40%
New Hampshire 23,047 Keene
40%
Massachusetts 89,143 Lawrence
40%
New Hampshire 14,282 Lebanon
40%
Massachusetts 66,263 Malden
40%
Massachusetts 59,659 Medford
40%
Connecticut 47,717 Middletown
40%
Massachusetts 18,289 Newburyport
40%
Massachusetts 54,481 Peabody
40%
Vermont 6,887 St. Albans
40%
Massachusetts 59,408 Taunton
40%
Massachusetts 65,218 Waltham
40%
Massachusetts 35,329 Watertown
40%
Rhode Island 43,240 Woonsocket
40%
Massachusetts 42,670 Beverly
30%
Maine 7,396 Caribou
30%
Massachusetts 40,787 Chelsea
30%
Massachusetts 94,000 Fall River
30%
Massachusetts 72,362 Framingham
30%
Massachusetts 17,768 Greenfield
30%
Massachusetts 67,787 Haverhill
30%
Massachusetts 38,238 Holyoke
30%
New Hampshire 16,871 Laconia
30%
Massachusetts 43,782 Leominster
30%
Massachusetts 41,793 Marlborough
30%
Connecticut 52,044 Milford
30%
Massachusetts 12,961 North Adams
30%
Massachusetts 29,571 Northampton
30%
Massachusetts 30,834 North Attleborough
30%
Connecticut 40,125 Norwich
30%
Massachusetts 43,927 Pittsfield
30%
Maine 8,797 Presque Isle
30%
Massachusetts 62,186 Revere
30%
New Hampshire 32,492 Rochester
30%
Maine 20,381 Saco
30%
Vermont 20,292 South Burlington
30%
Maine 26,498 South Portland
30%
Connecticut 55,584 West Haven
30%
Massachusetts 28,835 West Springfield
30%
Massachusetts 57,437 Weymouth
30%
Massachusetts 40,876 Woburn
30%
Massachusetts 28,692 Agawam
20%
Massachusetts 39,263 Amherst
20%
Vermont 8,491 Barre
20%
Maine 22,552 Biddeford
20%
New Hampshire 12,949 Claremont
20%
Massachusetts 16,211 Easthampton
20%
Maine 8,399 Ellsworth
20%
Vermont 10,590 Essex Junction
20%
Massachusetts 49,075 Everett
20%
Massachusetts 21,287 Gardner
20%
Connecticut 60,850 Meriden
20%
Massachusetts 53,039 Methuen
20%
Connecticut 35,515 Torrington
20%
Vermont 2,553 Vergennes
20%
Maine 15,828 Waterville
20%
Massachusetts 40,834 Westfield
20%
Massachusetts 19,316 Winthrop
20%
Massachusetts 17,366 Amesbury
10%
Maine 8,766 Bath
10%
Maine 6,938 Belfast
10%
Maine 3,079 Calais
10%
Connecticut 12,325 Derby
10%
Massachusetts 16,430 East Longmeadow
10%
Maine 1,288 Eastport
10%
Massachusetts 29,817 Melrose
10%
Maine 7,431 Old Town
10%
Massachusetts 12,448 Palmer
10%
Massachusetts 34,984 Randolph
10%
Maine 21,982 Sanford
10%
Connecticut 40,869 Shelton
10%
New Hampshire 11,855 Somersworth
10%
Massachusetts 17,740 Southbridge
10%
Maine 20,400 Westbrook
10%
Vermont 7,997 Winooski
10%
Connecticut 18,918 Ansonia
0%
Maine 9,672 Brewer
0%
Maine 5,961 Gardiner
0%
Maine 2,570 Hallowell
0%
Maine 6,936 Rockland
0%
No matching quizzes found
Score Distribution
Percent of People with Each Score
Percentile by Number Answered
Your Score History
You have not taken this quiz